000 00750ngm a2200337 a 4500
003 OSt
005 20251020182658.0
008 240217s9999 xx 000 0 und d
040 _aPE SENCICO BE
040 _cPE SENCICO BE
041 _aspa
082 _aH019
245 0 _aAlternativas Tecnológicas /
245 0 _cINADUR
260 _aLima
260 _bINADUR
260 _cNo precisa
300 _a1 VIDEO
300 _bson., Col.
300 _c27'
490 _aMATERIALES NO CONVENCIONALES
520 _aContiene 5 temas
650 _aAGUA
650 _aESPACIOS PUBLICOS
650 _aLADERAS
650 _aLLUVIAS
650 _aMONUMENTOS HISTORICOS
651 _aPERÚ
910 _aila.
942 _cVID
_2ddc
999 _c4739
_d4739